Orden y desorden en la reforma del estado argentino (1989-1992) (Registro nro. 29402)

Detalles MARC
000 -LEADER
fixed length control field 00383 a2200109 4500
001 - CONTROL NUMBER
control field ART_26499
005 - DATE AND TIME OF LATEST TRANSACTION
control field 20260410161940.0
008 - FIXED-LENGTH DATA ELEMENTS--GENERAL INFORMATION
fixed length control field 260409a
100 1# - MAIN ENTRY--PERSONAL NAME
Personal name Blutman, Gustavo
245 10 - TITLE STATEMENT
Title Orden y desorden en la reforma del estado argentino (1989-1992)
773 0# - HOST ITEM ENTRY
Title Ciclos en la historia, la economía y la sociedad
Related parts - Vol. IV, Nº 7 (jul./dic. 1994)
Record control number REV26321

No hay ítems disponibles.